| 000 | 00523nam a2200181Ia 4500 | ||
|---|---|---|---|
| 005 | 20250508160601.0 | ||
| 008 | 008 250505s9999 xx 000 0 eng d | ||
| 037 | _aTextual | ||
| 040 |
_aFEDL _beng _cFEDL |
||
| 041 |
_aeng _2eng |
||
| 084 |
_a491.1, KEL _qFEDL |
||
| 100 | _aKelkar Ashok Ramchandra | ||
| 245 | 0 | _aStudies in hindi-urdu I : Introducation and word phonology | |
| 260 |
_aPune, India _bDeccan College _c1968 |
||
| 300 | _a87p. | ||
| 942 |
_cTEXL _h491.1, KEL |
||
| 999 |
_c1365461 _d1365461 |
||